A comparison of field population dynamics in relation to developmental time and fecundity under laboratory conditions of the foliage aphid species complex on pecan /.

Bibliographic Details
Main Author: Flores-Flores, Raul Jesus, 1944-
Other Authors: Enkerlin, D. (degree committee member.), Harris, Marvin K. (degree committee member.)
Format: Thesis Book
Language:English
Published: 1981.
Subjects:
Online Access:Link to ProQuest copy
Link to OAKTrust copy
ProQuest, Abstract

MARC

Tag First Indicator Second Indicator Subfields
LEADER 00000ctm a2200000Ia 4500
001 in00000088459
005 20220104090730.0
008 821009s1981 xx a bm 000 0 eng d
035 |9 AAK1808AM 
035 |a (OCoLC)08847757 
035 |a (OCoLC)8847757 
035 |a (OCoLC)ocm08847757 
040 |a TXA  |b eng  |c TXA  |d OCLCQ  |d OCLCF  |d OCLCO  |d OCLCQ  |d UMI  |d TXA  |d UtOrBLW 
049 |a TXAM 
100 1 |a Flores-Flores, Raul Jesus,  |d 1944- 
245 1 2 |a A comparison of field population dynamics in relation to developmental time and fecundity under laboratory conditions of the foliage aphid species complex on pecan /. 
264 1 |c 1981. 
300 |a xvi, 127 leaves :  |b illustrations ;  |c 29 cm 
336 |a text  |b txt  |2 rdacontent 
337 |a unmediated  |b n  |2 rdamedia 
338 |a volume  |b nc  |2 rdacarrier 
500 |a "Major subject: Entomology." 
500 |a Typescript (photocopy). 
500 |a Vita. 
502 |b Ph. D.  |c Texas A & M University  |d 1981 
504 |a Includes bibliographical references (leaves 118-126). 
520 3 |a Field and laboratory studies conducted at College Station, Texas from 1974 to 1976 were concerned with population dynamics of foliar pecan aphids and several biological features. Principle areas of investigation include field population dynamics, entomophagous arthropods, life cycle duration, survival, fecundity, adult longevity, and population increase at various constant temperatures. Three species of aphids were feeding on the pecan leaves, the yellow aphid complex, the blackmargined aphids Monelia caryella (Fitch) and Monelliopsis nigropunctata (Granovsky), and the black pecan aphid Tinocallis caryaefoliae (Davis). Yellow aphids reached highest populations at mid to late summer, while black aphids peaked at late summer and early fall. Several predators fed on the pecan aphids. Only Aphelinus perpalidus (Gahan) parasitized yellow aphids, while an entomophagous fungus Entomophtora sp. killed all three species of aphids. Developmental time was shorter for the blackmargined aphid (9.0, 6.9, and 6.0 days) than for the black pecan aphid (12.2, 8.8, and 7.5 days) and 20 degrees Celsius, 25 degrees Celsius, and 30 degrees Celsius respectively. Highest offspring mortality was experienced during the first instar. Higher temperatures favored the blackmargined aphid survival while low temperatures favored that of the black pecan aphid. Fecundity of the black margined aphid was from zero to 164 with mean values from 17.6 to 73.6 offspring per female. More offspring were produced at 25 degrees Celsius and less at 30 degrees Celsius. Fecundity of the black pecan aphid was from zero to 174 with mean values ranging from 26.6 to 74.9 nymphs per female. Highest fecundity was recorded at 20 degrees Celsius and 25 degrees Celsius and lowest at 30 degrees Celsius. Adult longevity was up to 50 days for the blackmargined aphid and longer survival was observed at 25 degrees Celsius. Adult black pecan aphids were living up to 39 days; longer survival was achieved at 20 degrees Celsius and 25 degrees Celsius... 
650 0 |a Aphids.  |0 http://id.loc.gov/authorities/subjects/sh85005957 
650 0 |a Aphids  |x Biological control.  |0 http://id.loc.gov/authorities/subjects/sh85102762 
650 0 |a Insect populations.  |0 http://id.loc.gov/authorities/subjects/sh85066651 
650 0 |a Pecan  |x Diseases and pests. 
650 0 |a Temperature  |x Physiological effect.  |0 http://id.loc.gov/authorities/subjects/sh85133714 
650 4 |a Major entomology. 
655 7 |a Academic theses.  |2 lcgft  |0 http://id.loc.gov/authorities/genreForms/gf2014026039 
700 1 |a Enkerlin, D.,  |e degree committee member. 
700 1 |a Harris, Marvin K.,  |e degree committee member. 
700 1 |a Van Cleave, H. W.,  |e degree supervisor. 
710 2 |a Texas A & M University,  |e degree granting institution.  |0 http://id.loc.gov/authorities/names/n80125885 
856 4 1 |u http://proxy.library.tamu.edu/login?url=http://proquest.umi.com/pqdweb?did=749776501&sid=1&Fmt=2&clientId=2945&RQT=309&VName=PQD  |z Link to ProQuest copy  |t 0 
856 4 1 |u https://hdl.handle.net/1969.1/DISSERTATIONS-95369  |z Link to OAKTrust copy  |t 0 
856 4 2 |3 ProQuest, Abstract  |u http://gateway.proquest.com/openurl?url_ver=Z39.88-2004&rft_val_fmt=info:ofi/fmt:kev:mtx:dissertation&res_dat=xri:pqm&rft_dat=xri:pqdiss:8206624  |t 0 
994 |a C0  |b TXA 
999 f f |s 68c67a9f-a826-3796-92bd-ba4f7bdc728e  |i 6645d720-1fe2-3c95-85db-b6a445518a17  |t 0 
952 f f |p noncirc  |a Texas A&M University  |b J.J. Pickle Campus  |c High Density Repository  |s HDR  |d Remote Storage  |t 0  |e 1981 Dissertation F634  |h Other scheme  |i unmediated -- volume  |m A14841003771 
952 f f |a Texas A&M University  |b College Station  |c Electronic Resources  |s www_evans  |d Available Online  |t 0  |e 1981 Dissertation F634  |h Other scheme 
998 f f |a 1981 Dissertation F634  |t 0  |l Available Online 
998 f f |a 1981 Dissertation F634  |t 0  |l Remote Storage